000 00277nam a2200121Ia 4500
005 20250423100327.0
008 250422s9999 xx 000 0 und d
020 _a1-57820-307-4
245 0 _aNewton`s Telecom Dictionary
260 _bCMP Books
260 _c2003
942 _cBK
999 _c32966
_d32966